| 000 | 00524nam a22001697a 4500 | ||
|---|---|---|---|
| 003 | OSt | ||
| 005 | 20250416101337.0 | ||
| 008 | 250203s2013 ag ||||| |||| 00| 0 eng d | ||
| 020 | _a9789871912094 | ||
| 040 | _cesoc | ||
| 100 | 1 |
_aGramuglio, María Teresa _d1939- _eautor |
|
| 245 | 1 | 0 |
_aNacionalismo y cosmopolitismo en la literatura argentina / _cMaría Teresa Gramuglio |
| 260 |
_aRosario : _bemr, _c2013 |
||
| 300 | _a397 p. | ||
| 650 | 4 |
_aLiteratura Argentina _xEstudios Literarios _xLiteratura comparada |
|
| 942 |
_2udc _cOG _n0 |
||
| 999 |
_c416 _d416 |
||